| 000 | 01040nam a22002057a 4500 | ||
|---|---|---|---|
| 005 | 20100728124741.0 | ||
| 010 | _aHIN-89863 | ||
| 020 |
_a9788128825620 _c95.00 |
||
| 035 | _aHN-62209 | ||
| 037 | _bDBAD / PUB | ||
| 082 | _a821.09 | ||
| 100 |
_aनीरज आनन्द _923963 |
||
| 245 |
_aकबीर चिन्तन: _bजाग सके तो जाग / _cनीरज आनन्द |
||
| 246 |
_aKabeer chintan:Jaag sake to jaag _bby Neeraj Anand |
||
| 260 |
_aनई दिल्ली _bडायमंड पॉकेट बुक्स _c2010 |
||
| 270 |
_aएक्स-30, ओखला इंडस्ट्रियल एरिया, फेज-II _bनई दिल्ली _e110020 _k011-41611861 _l011-41611866 _msales@dpb.in |
||
| 300 |
_a119पृ. _c22सेमी (अजिल्द) |
||
| 942 |
_2ddc _cHN _h821.09 _mनीरज |
||
| 999 |
_c38071 _d38071 |
||